[Event "Mondiale Lampo FIDE 2017"]
[Site "Riyadh"]
[Date "29.12.2017"]
[Round "11.13"]
[White "Bacrot, Etienne"]
[Black "Bortnyk, Olexandr"]
[Result "1/2-1/2"]
[WhiteTitle "GM"]
[BlackTitle "GM"]
[WhiteElo "2725"]
[BlackElo "2610"]
[WhiteFideId "605506"]
[BlackFideId "14120828"]
[EventDate "2017.12.29"]

1. e4 Nf6 2. e5 Nd5 3. d4 d6 4. Nf3 dxe5 5. Nxe5 c6 6. Be2 Bf5 7. O-O Nd7 8. Nf3
e6 9. c4 N5f6 10. Nc3 Bd6 11. Re1 O-O 12. Nh4 Bg6 13. Nxg6 hxg6 14. Bf3 Qc7 15.
g3 Rfe8 16. Bg5 Rad8 17. Qc2 e5 18. d5 Bc5 19. Rad1 Bd4 20. Ne2 cxd5 21. Nxd4
exd4 22. Rxe8+ Rxe8 23. Bxf6 Nxf6 24. Rxd4 dxc4 25. Qxc4 Qxc4 26. Rxc4 Re7 27.
Rc8+ Kh7 28. h4 Ne8 29. Rd8 b6 30. Kf1 Nc7 31. Be2 Ne6 32. Rc8 Nc5 33. Bc4 1/2-1/2

[Event "Mondiale Lampo FIDE 2017"]
[Site "Riyadh"]
[Date "29.12.2017"]
[Round "11.14"]
[White "Cheparinov, Ivan"]
[Black "Kryvoruchko, Yuriy"]
[Result "1/2-1/2"]
[WhiteTitle "GM"]
[BlackTitle "GM"]
[WhiteElo "2710"]
[BlackElo "2689"]
[WhiteFideId "2905540"]
[BlackFideId "14109182"]
[EventDate "2017.12.29"]

1. c4 Nf6 2. Nc3 e5 3. Nf3 Nc6 4. e3 Bb4 5. Qc2 O-O 6. Nd5 Be7 7. a3 d6 8. Be2
Be6 9. Ng5 Bxd5 10. cxd5 Nb8 11. Qb3 Nbd7 12. d3 h6 13. Nf3 c6 14. dxc6 bxc6 15.
O-O a5 16. Qc2 Qb6 17. Bd2 a4 18. Rac1 Rfc8 19. Rfd1 Nc5 20. Rb1 Nb3 21. Be1 c5
22. Nd2 d5 23. Bf3 Rab8 24. g3 Qb5 25. Bg2 Nd4 26. exd4 cxd4 27. Nc4 dxc4 28.
dxc4 Qxc4 29. Qf5 Qe6 30. Qxe6 fxe6 31. f4 exf4 32. gxf4 Rc2 33. Bf2 Bc5 34.
Bxd4 Bxd4+ 35. Rxd4 Rbxb2 36. Rxb2 Rxb2 37. Rxa4 Nd5 38. Bxd5 exd5 39. Rd4 Ra2 1/2-1/2

[Event "Mondiale Lampo FIDE 2017"]
[Site "Riyadh"]
[Date "29.12.2017"]
[Round "11.15"]
[White "Korobov, Anton"]
[Black "Socko, Bartosz"]
[Result "1-0"]
[WhiteTitle "GM"]
[BlackTitle "GM"]
[WhiteElo "2652"]
[BlackElo "2593"]
[WhiteFideId "14105730"]
[BlackFideId "1107038"]
[EventDate "2017.12.29"]

1. d4 Nf6 2. c4 e6 3. Nc3 Bb4 4. e3 O-O 5. Bd3 d5 6. a3 Bxc3+ 7. bxc3 b6 8. Ne2
Ba6 9. cxd5 exd5 10. O-O c5 11. f3 Bxd3 12. Qxd3 Nc6 13. e4 Re8 14. e5 Nd7 15.
f4 f6 16. Ng3 cxd4 17. cxd4 Kh8 18. Be3 Nf8 19. Nh5 fxe5 20. dxe5 Qh4 21. Ng3
Rad8 22. Rac1 Na5 23. Rc7 Ne6 24. Rxa7 d4 25. Bd2 Nc6 26. Rf7 Qg4 27. h3 Qh4 28.
Qf3 Ne7 29. f5 Ng5 30. Bxg5 Qxg5 31. Kh2 Kg8 32. Ne4 Qe3 33. Rxg7+ Kxg7 34. f6+
Kf8 35. fxe7+ Kxe7 36. Qf7# 1-0

[Event "Mondiale Lampo FIDE 2017"]
[Site "Riyadh"]
[Date "29.12.2017"]
[Round "11.16"]
[White "Short, Nigel D"]
[Black "Mamedov, Rauf"]
[Result "0-1"]
[WhiteTitle "GM"]
[BlackTitle "GM"]
[WhiteElo "2678"]
[BlackElo "2709"]
[WhiteFideId "400025"]
[BlackFideId "13401653"]
[EventDate "2017.12.29"]

1. e4 c5 2. Nc3 Nc6 3. g3 g6 4. Bg2 Bg7 5. d3 d6 6. Be3 e5 7. Qd2 Nd4 8. Nd5 h6
9. c3 Nc6 10. Ne2 Nge7 11. O-O Nxd5 12. exd5 Ne7 13. f4 exf4 14. Bxf4 g5 15. Be3
O-O 16. d4 c4 17. b3 b5 18. bxc4 bxc4 19. Rab1 Bf5 20. Rb7 Bd3 21. Re1 Re8 22.
Nc1 Bg6 23. Bf2 Bf6 24. a4 Qc8 25. Rb4 a5 26. Rb5 Bf5 27. Qd1 Bd7 28. Rb2 Rb8
29. Rxb8 Qxb8 30. Bf3 Qb2 31. Ne2 Nc8 32. g4 Nb6 33. Ng3 Qxc3 34. Rxe8+ Bxe8 35.
Nf5 Bxa4 36. Qe2 Bd7 37. Nxd6 Qd3 38. Ne4 Bxd4 39. Qxd3 Bxf2+ 40. Kxf2 cxd3 41.
d6 a4 42. Ke3 a3 43. Nc3 Be6 44. Kxd3 Na4 45. Bc6 Nxc3 46. Kxc3 Kf8 47. h3 f5
48. gxf5 Bxf5 49. Kb3 Bxh3 50. Kxa3 Bf5 51. Kb4 g4 52. Kc3 g3 53. Kd4 Bd7 54.
Bd5 h5 55. Ke3 h4 56. Kf4 Kg7 57. Bg2 Kf6 58. Bf1 Bf5 59. Bg2 Be6 60. Bf1 Kf7
61. Bg2 Ke8 62. Bc6+ Kd8 63. Kf3 Bh3 64. Ke3 Bd7 65. Bd5 Bf5 66. Kf4 Be6 67. Bc6
Bd7 68. Bg2 Kc8 69. Bd5 Kb8 70. Be4 Ka7 0-1

[Event "Mondiale Lampo FIDE 2017"]
[Site "Riyadh"]
[Date "29.12.2017"]
[Round "11.17"]
[White "Van Foreest, Jorden"]
[Black "Melkumyan, Hrant"]
[Result "0-1"]
[WhiteTitle "GM"]
[BlackTitle "GM"]
[WhiteElo "2629"]
[BlackElo "2633"]
[WhiteFideId "1039784"]
[BlackFideId "13302485"]
[EventDate "2017.12.29"]

1. e4 e5 2. Nf3 Nf6 3. Nc3 Nc6 4. a3 d5 5. Bb5 d4 6. Ne2 Bd6 7. d3 Bd7 8. Ng3
Ne7 9. Bc4 Qc8 10. Bg5 Be6 11. Bxf6 gxf6 12. Nh4 Bxc4 13. dxc4 Qe6 14. Qd3 O-O-O
15. Nhf5 Ng6 16. Nh5 Bf8 17. O-O-O Kb8 18. Kb1 a6 19. h4 Rg8 20. Rh3 Ne7 21. Rf3
Nc6 22. g3 Rg6 23. Qe2 Na5 24. Ne3 Rh6 25. Rf5 Qc6 26. Ng4 Rxh5 27. Rxh5 Nxc4
28. Rd3 Qb5 29. b3 Nxa3+ 30. Kc1 Bb4 31. Nxf6 Qa5 32. c4 Nxc4 33. Qc2 Na3 34.
Qa2 Qb5 35. Qe2 Qc6+ 36. Kd1 Qxf6 37. Rf5 Qe6 38. Rdf3 Nb5 39. Qd3 Nc3+ 40. Ke1
Qxb3 41. Kf1 b5 42. Kg2 Qc4 43. Qd2 d3 44. Rxf7 Nxe4 45. Qd1 d2 46. Rxh7 Nc3 47.
Rxc3 Bxc3 48. h5 Qe4+ 49. Kh2 Qxh7 0-1

[Event "Mondiale Lampo FIDE 2017"]
[Site "Riyadh"]
[Date "29.12.2017"]
[Round "11.18"]
[White "Rapport, Richard"]
[Black "Akobian, Varuzhan"]
[Result "1-0"]
[WhiteTitle "GM"]
[BlackTitle "GM"]
[WhiteElo "2707"]
[BlackElo "2647"]
[WhiteFideId "738590"]
[BlackFideId "13300580"]
[EventDate "2017.12.29"]

1. d4 d5 2. Nc3 e6 3. e4 Bb4 4. exd5 exd5 5. Bd3 Nc6 6. Nf3 Nge7 7. O-O O-O 8.
Ne2 Bf5 9. c3 Bd6 10. Bf4 Re8 11. Bg3 Qd7 12. Bb5 a6 13. Ba4 Bg4 14. Qd3 Qf5 15.
Nf4 Qxd3 16. Nxd3 Bxg3 17. hxg3 f6 18. Rfe1 Kf7 19. Re3 b5 20. Bb3 Na5 21. Nfe5+
fxe5 22. Nxe5+ Kf8 23. Nxg4 Nc4 24. Bxc4 dxc4 25. Rae1 Nd5 26. Re5 Rxe5 27. dxe5
Ke7 28. f4 g6 29. Nf2 Nb6 30. Rd1 Na4 31. Rd2 a5 32. Kf1 Rd8 33. Rxd8 Kxd8 34.
Nd1 Ke7 35. Ke2 h5 36. Kf3 Ke6 37. g4 h4 38. Ke4 Nc5+ 39. Ke3 g5 40. fxg5 Kxe5
41. Nf2 b4 42. g6 Kf6 43. Ne4+ Nxe4 44. Kxe4 Kxg6 45. Kf4 c5 46. g5 a4 47. a3 b3
48. Kg4 Kf7 49. Kf5 Kg7 50. g6 Kg8 51. Kg5 Kg7 52. Kh5 Kf6 53. Kh6 Kf5 54. g7
Ke4 55. g8=Q Kd3 56. Qe6 Kc2 57. Qe2+ 1-0

[Event "Mondiale Lampo FIDE 2017"]
[Site "Riyadh"]
[Date "29.12.2017"]
[Round "11.19"]
[White "Dreev, Aleksey"]
[Black "Adhiban, Baskaran"]
[Result "1-0"]
[WhiteTitle "GM"]
[BlackTitle "GM"]
[WhiteElo "2653"]
[BlackElo "2655"]
[WhiteFideId "4100107"]
[BlackFideId "5018471"]
[EventDate "2017.12.29"]

1. d4 e6 2. c4 f5 3. Nc3 Bb4 4. e3 Bxc3+ 5. bxc3 b6 6. Qf3 Nc6 7. Qg3 Nf6 8.
Qxg7 Rg8 9. Qh6 Qe7 10. Ne2 Ba6 11. Ng3 Na5 12. f3 O-O-O 13. Qh4 Bxc4 14. Bxc4
Nxc4 15. O-O Nd5 16. Qxe7 Nxe7 17. e4 fxe4 18. fxe4 Rdf8 19. Bh6 Rxf1+ 20. Rxf1
Rg6 21. Bc1 b5 22. Rf8+ Kb7 23. Rf7 Nc6 24. Rxd7 e5 25. d5 Nb8 26. Rxh7 Na6 27.
Nf5 Nc5 28. h4 Nxe4 29. h5 Rg4 30. h6 Nxc3 31. Rg7 Re4 32. h7 Re1+ 33. Kh2 Rxc1
34. h8=Q Nxd5 35. Qd8 Ncb6 36. Nd6+ Ka6 37. Nc8 c5 1-0

[Event "Mondiale Lampo FIDE 2017"]
[Site "Riyadh"]
[Date "29.12.2017"]
[Round "11.20"]
[White "Christiansen, Johan-Sebastian"]
[Black "Grigoriants, Sergey"]
[Result "1-0"]
[WhiteTitle "IM"]
[BlackTitle "GM"]
[WhiteElo "2495"]
[BlackElo "2561"]
[WhiteFideId "1512668"]
[BlackFideId "4130804"]
[EventDate "2017.12.29"]

1. e4 c5 2. Nf3 e6 3. g3 Nc6 4. Bg2 Nf6 5. Qe2 d5 6. d3 g6 7. O-O Bg7 8. Nbd2
O-O 9. Re1 a5 10. Nf1 b5 11. e5 Nd7 12. Bf4 b4 13. h4 Ba6 14. h5 c4 15. N1h2 b3
16. axb3 cxd3 17. cxd3 Nb4 18. Red1 Rc8 19. Ng4 Qb6 20. Be3 Qb5 21. Nd4 Qb7 22.
hxg6 hxg6 23. Bg5 Qb6 24. Qe3 Rfe8 25. Bh6 Bh8 26. Bf4 Bg7 27. Bf3 Nc6 28. Nxc6
Qxe3 29. Bxe3 Rxc6 30. Bd4 Rb8 31. Rxa5 Rxb3 32. Rda1 Bxd3 33. Ra8+ Kh7 34. Kg2
Rb4 35. Rh1+ 1-0

[Event "Mondiale Lampo FIDE 2017"]
[Site "Riyadh"]
[Date "29.12.2017"]
[Round "11.21"]
[White "Howell, David W L"]
[Black "Savchenko, Boris"]
[Result "0-1"]
[WhiteTitle "GM"]
[BlackTitle "GM"]
[WhiteElo "2676"]
[BlackElo "2566"]
[WhiteFideId "410608"]
[BlackFideId "4147332"]
[EventDate "2017.12.29"]

1. c4 Nf6 2. Nc3 e5 3. Nf3 Nc6 4. e3 h6 5. a3 e4 6. Nd4 Bc5 7. Nb3 b6 8. Qc2 Qe7
9. Nd5 Nxd5 10. cxd5 Nd8 11. Nxc5 bxc5 12. d3 f5 13. Bd2 a5 14. Bc3 Ba6 15.
O-O-O O-O 16. dxe4 fxe4 17. Kb1 Nb7 18. h4 Nd6 19. Rh3 Rf7 20. Bxa6 Rxa6 21. Rf1
a4 22. f3 Rb6 23. Qxa4 exf3 24. Rhxf3 Rxf3 25. Rxf3 Ne4 26. Qc2 Qxh4 27. Rf4
Qh1+ 28. Ka2 Nxc3+ 29. Qxc3 Qxg2 30. e4 c4 31. a4 Rb3 32. Qe5 Qc2 33. Rg4 Ra3+ 0-1

[Event "Mondiale Lampo FIDE 2017"]
[Site "Riyadh"]
[Date "29.12.2017"]
[Round "11.22"]
[White "Vidit, Santosh Gujrathi"]
[Black "Aronian, Levon"]
[Result "1-0"]
[WhiteTitle "GM"]
[BlackTitle "GM"]
[WhiteElo "2715"]
[BlackElo "2805"]
[WhiteFideId "5029465"]
[BlackFideId "13300474"]
[EventDate "2017.12.29"]

1. d4 Nf6 2. Nf3 d5 3. Bf4 c5 4. e3 Nc6 5. Nbd2 e6 6. c3 cxd4 7. exd4 Nh5 8. Be3
Bd6 9. Bd3 Nf4 10. Bxf4 Bxf4 11. O-O O-O 12. Re1 Bd7 13. Ne5 Nxe5 14. dxe5 g6
15. Nf3 f6 16. g3 Bh6 17. Qe2 Bg7 18. exf6 Rxf6 19. Ne5 Qc7 20. f4 Re8 21. h4
Re7 22. Rad1 Bc6 23. Kh2 a6 24. Rd2 Be8 25. Qg4 Rf8 26. Rde2 Kh8 27. Re3 Bf6 28.
Qe2 Bg7 29. Nf3 Bd7 30. Ne5 Be8 31. Qd2 Qd8 32. Bf1 Qd6 33. Bh3 Rf6 34. Nc4 Qc7
35. Ne5 Qb6 36. Qe2 Bb5 37. Qd2 Be8 38. a3 h5 39. Nf3 Bf7 40. Ng5 Bg8 41. R1e2
Bh6 42. Re5 Bg7 43. Rxd5 exd5 44. Rxe7 Rd6 45. Re8 Bf6 46. Nf7+ Kg7 47. Nxd6
Qxd6 48. Re2 Bf7 49. Qe3 d4 50. cxd4 Bc4 51. Rd2 b5 52. d5 a5 53. Qa7+ Kh6 54.
Qe3 b4 55. axb4 axb4 56. Qe6 Qd8 57. Bg2 Kg7 58. Be4 b3 59. Qc6 Qa5 60. Rg2 Bf1
61. Rf2 Qe1 62. Qc7+ Kh6 63. Qb6 Kg7 64. Bg2 Bd3 65. d6 Bf5 66. Qa7+ Kh6 67. Rf3
Qd2 68. Qe3 Qxd6 69. Qxb3 Bd4 70. Rf1 Bd3 71. Rd1 Be2 72. Re1 Bg4 73. Qd5 Qb6
74. Qg5+ Kg7 75. Re7+ Kf8 76. Rh7 Bg7 77. Rxg7 Kxg7 78. Qe5+ Kh7 79. Qc3 Qf2 80.
b4 Bf5 81. Qc6 Bd3 82. b5 Qb2 83. b6 Bf1 84. b7 Bxg2 85. Qxg2 Qb6 86. Qf3 Qb2+
87. Kh3 Qb1 88. Kh2 Qb2+ 89. Qg2 Qb6 90. Qd5 Qf2+ 91. Kh3 Qf1+ 92. Qg2 Qb1 93.
g4 hxg4+ 94. Kxg4 Qd1+ 95. Kg3 Qe1+ 96. Kh3 Qe3+ 97. Qg3 Qb6 98. Qf3 Qb5 99. h5
gxh5 100. f5 Kg7 101. Qg3+ Kf6 102. b8=Q Qxf5+ 103. Kh2 Qc2+ 104. Qg2 1-0

[Event "Mondiale Lampo FIDE 2017"]
[Site "Riyadh"]
[Date "29.12.2017"]
[Round "11.24"]
[White "Fedoseev, Vladimir3"]
[Black "Kasimdzhanov, Rustam"]
[Result "1-0"]
[WhiteTitle "GM"]
[BlackTitle "GM"]
[WhiteElo "2718"]
[BlackElo "2683"]
[WhiteFideId "24130737"]
[BlackFideId "14200244"]
[EventDate "2017.12.29"]

1. e4 c6 2. Nf3 d5 3. Nc3 Bg4 4. h3 Bxf3 5. Qxf3 Nf6 6. Be2 e6 7. O-O Qb6 8. d3
Nbd7 9. Qf4 d4 10. Nb1 Qc5 11. Bd1 Bd6 12. Qg5 Qxg5 13. Bxg5 h6 14. Bc1 e5 15.
Nd2 O-O-O 16. Nc4 Bc7 17. f4 Rde8 18. f5 b5 19. Nd2 Nc5 20. Nf3 Nfd7 21. Bd2 Kb7
22. b3 Bd6 23. Be2 Na6 24. c3 c5 25. c4 Nc7 26. Rfc1 Rc8 27. Be1 Nb6 28. Bh4 f6
29. Be1 Ra8 30. cxb5 Nxb5 31. a4 Nc7 32. Nd2 a5 33. Nc4 Nxc4 34. bxc4 Kc6 35.
Rcb1 Be7 36. Bh5 Rhb8 37. Bf7 Rb4 38. Bxb4 axb4 39. a5 Ra7 40. Bd5+ Kd6 41. Kf2
Bd8 42. Ra4 Ne8 43. a6 Bb6 44. Bb7 Ke7 45. Kf3 Nd6 46. Raa1 Bc7 47. Kg4 Bb6 48.
Kh5 Kf7 49. Bd5+ Kf8 50. Kg6 Nc8 51. Bb7 Nd6 52. h4 Bd8 53. Kh5 Bb6 54. Kg4 Bd8
55. Kf3 Ke7 56. g4 Kd7 57. Bd5 Kc7 58. Ke2 Kb6 59. Bb7 Be7 60. Kd1 Bd8 61. Kc2
Be7 62. Kb3 Bd8 63. Ra4 Be7 64. Rba1 Bd8 65. Ra5 Be7 66. Bd5 Bd8 67. R5a4 Be7
68. Rc1 Bd8 69. Rxb4+ cxb4 70. c5+ Kc7 71. cxd6+ Kxd6 72. Bb7 1-0

[Event "Mondiale Lampo FIDE 2017"]
[Site "Riyadh"]
[Date "29.12.2017"]
[Round "11.25"]
[White "Sargissian, Gabriel"]
[Black "Ponomariov, Ruslan"]
[Result "0-1"]
[WhiteTitle "GM"]
[BlackTitle "GM"]
[WhiteElo "2672"]
[BlackElo "2694"]
[WhiteFideId "13300881"]
[BlackFideId "14103320"]
[EventDate "2017.12.29"]

1. d4 d5 2. Nf3 Nf6 3. c4 dxc4 4. e3 e6 5. Bxc4 c5 6. O-O a6 7. b3 cxd4 8. Nxd4
Bd6 9. Bb2 e5 10. Ne2 O-O 11. Nbc3 Nc6 12. Ng3 Qe7 13. Qc2 g6 14. Rfd1 Be6 15.
Nce4 Nxe4 16. Nxe4 Bf5 17. g4 Bxe4 18. Qxe4 Rfd8 19. Rd5 Ba3 20. Bc3 Rxd5 21.
Bxd5 Rc8 22. Rd1 Bd6 23. Kg2 Nd8 24. Bb2 Kg7 25. f4 f6 26. g5 f5 27. Bxe5+ Bxe5
28. Qxe5+ Qxe5 29. fxe5 Kf8 30. Kf3 Ke7 31. h4 Rc2 32. a4 b6 33. h5 gxh5 34. Rh1
Rc5 35. e4 fxe4+ 36. Kxe4 Ne6 37. Rxh5 Nf8 38. Rh6 b5 39. Rxa6 bxa4 40. bxa4 Rc1
41. Ra7+ Kd8 42. a5 Re1+ 43. Kd4 Rd1+ 44. Kc4 Rc1+ 45. Kb4 Re1 46. Rf7 Nd7 47.
e6 Ne5 48. Rxh7 Rd1 49. Bc4 Rb1+ 50. Kc5 Rc1 51. e7+ Kd7 52. a6 Nxc4 53. a7 Nd6+
54. Kb4 Rb1+ 55. Kc3 Nb5+ 56. Kc2 Ra1 57. e8=Q+ Kxe8 58. a8=Q+ Rxa8 59. Rh8+ Kf7
60. Rxa8 Nd4+ 61. Kd3 Nf3 62. Ra6 Nxg5 63. Kd4 Ne6+ 64. Ke5 0-1

[Event "Mondiale Lampo FIDE 2017"]
[Site "Riyadh"]
[Date "29.12.2017"]
[Round "11.26"]
[White "Guseinov, Gadir"]
[Black "Quparadze, Giga"]
[Result "0-1"]
[WhiteTitle "GM"]
[BlackTitle "GM"]
[WhiteElo "2646"]
[BlackElo "2506"]
[WhiteFideId "13401378"]
[BlackFideId "13602250"]
[EventDate "2017.12.29"]

1. e4 c5 2. Nf3 e6 3. Nc3 a6 4. d4 cxd4 5. Nxd4 b5 6. Bd3 Qb6 7. Nf3 Nc6 8. O-O
Qb8 9. e5 Nge7 10. Bf4 f5 11. Re1 Ng6 12. Bg3 Be7 13. h4 O-O 14. h5 Nh8 15. a4
b4 16. Ne2 Nf7 17. Ned4 Nxd4 18. Nxd4 Qb6 19. c3 Bb7 20. a5 Qc5 21. Bf1 Rac8 22.
Re3 Nh6 23. cxb4 Qd5 24. Ne2 Bxb4 25. Rb3 Bc5 26. Nf4 Qxd1 27. Rxd1 Bc6 28. Bxa6
Ba4 29. Bxc8 Bxb3 30. Rd3 Rxc8 31. Rxb3 Bd4 32. Ne2 Ng4 33. Kf1 Bxe5 34. Bxe5
Nxe5 35. a6 Ra8 36. Ra3 Nc4 37. Ra2 Kf7 38. b4 Ke7 39. b5 Nb6 40. Rc2 Rc8 41.
Ra2 Kd6 42. Nd4 Kc5 43. Rd2 Nc4 44. Nb3+ Kb4 45. Rxd7 Kxb3 46. a7 Kb4 47. Rc7
Ra8 48. Rxc4+ Kxb5 49. Rc7 Kb6 50. Rxg7 Rxa7 51. h6 Rc7 52. Ke2 Kc6 53. Kf3 Kd6
54. Kf4 Rc2 55. Rxh7 Rxf2+ 56. Kg3 Rf1 57. Kh2 Rf4 58. Kh3 Rf1 59. Kh2 Rf4 60.
Kh3 Rf1 61. Kh4 Rh1+ 62. Kg5 Ke5 63. Ra7 Rh2 64. Ra2 f4 65. Re2+ Kd6 66. Kg6 f3
67. Rd2+ Ke5 68. h7 fxg2 69. Rd1 Rh1 70. Rg1 Rh2 71. Kg7 Kf4 72. Kf6 Kf3 73.
Kxe6 Rxh7 0-1

[Event "Mondiale Lampo FIDE 2017"]
[Site "Riyadh"]
[Date "29.12.2017"]
[Round "11.27"]
[White "Riazantsev, Alexander"]
[Black "Fressinet, Laurent"]
[Result "0-1"]
[WhiteTitle "GM"]
[BlackTitle "GM"]
[WhiteElo "2650"]
[BlackElo "2662"]
[WhiteFideId "4125029"]
[BlackFideId "608742"]
[EventDate "2017.12.29"]

1. d4 d6 2. Nf3 g6 3. c4 Bg7 4. Nc3 Bg4 5. e3 Nf6 6. h3 Bxf3 7. Qxf3 Nc6 8. g4
e5 9. d5 Nb4 10. Qd1 a5 11. e4 c6 12. Be3 O-O 13. Be2 Na6 14. h4 Nc5 15. Qc2
cxd5 16. cxd5 Rc8 17. f3 Qb6 18. h5 Rfd8 19. Qd2 Qb4 20. Rc1 Na4 21. Rc2 Nxb2
22. Rxb2 Qxc3 23. Qxc3 Rxc3 24. Kd2 Ra3 25. Ra1 Nxd5 26. exd5 e4 27. Rab1 Bc3+
28. Kc2 Bxb2 29. Bb6 Bf6 30. Bxd8 Bxd8 31. Rxb7 Rxa2+ 32. Kd1 Bg5 33. fxe4 a4
34. Ra7 a3 35. Bb5 Rd2+ 36. Ke1 Rb2 37. Bc4 Rb4 38. Rc7 Bf6 39. hxg6 hxg6 40.
Ba2 Rb2 41. Bc4 a2 42. Bxa2 Rxa2 0-1

[Event "Mondiale Lampo FIDE 2017"]
[Site "Riyadh"]
[Date "29.12.2017"]
[Round "11.28"]
[White "Georgiev, Kiril"]
[Black "Saric, Ivan"]
[Result "1/2-1/2"]
[WhiteTitle "GM"]
[BlackTitle "GM"]
[WhiteElo "2623"]
[BlackElo "2669"]
[WhiteFideId "2900017"]
[BlackFideId "14508150"]
[EventDate "2017.12.29"]

1. d4 Nf6 2. Nf3 g6 3. g3 Bg7 4. Bg2 d5 5. O-O c6 6. Nbd2 O-O 7. c4 a5 8. e3 a4
9. Qe2 Bf5 10. Nh4 Bg4 11. Qd3 Na6 12. a3 Qd7 13. cxd5 cxd5 14. b3 Rfc8 15. Bb2
axb3 16. Qxb3 b5 17. Nhf3 Bxf3 18. Bxf3 e6 19. Rfc1 Bf8 20. Be2 Rcb8 21. Rc2 Nc7
22. Bc3 Nce8 23. Bb4 Nd6 24. Bxd6 Bxd6 25. Rb2 Qe7 26. Bxb5 Rxa3 27. Rxa3 Bxa3
28. Rb1 Bd6 29. Qc2 h5 30. Bf1 Rxb1 31. Qxb1 Kg7 32. h4 Qc7 33. Kg2 Ng4 34. Qe1
Bb4 35. Qe2 Qc1 36. Nf3 Ba5 37. Qa2 Be1 38. Nxe1 Qxe1 39. Qe2 Qc1 40. Qa2 Qe1
41. Qe2 1/2-1/2

[Event "Mondiale Lampo FIDE 2017"]
[Site "Riyadh"]
[Date "29.12.2017"]
[Round "11.29"]
[White "Li, Chao b"]
[Black "Onischuk, Vladimir"]
[Result "1-0"]
[WhiteTitle "GM"]
[BlackTitle "GM"]
[WhiteElo "2732"]
[BlackElo "2637"]
[WhiteFideId "8604436"]
[BlackFideId "14114038"]
[EventDate "2017.12.29"]

1. d4 d6 2. Nf3 g6 3. c4 Bg7 4. Nc3 e5 5. e4 Nd7 6. Be2 Ngf6 7. O-O O-O 8. Re1
c6 9. Bf1 Qe7 10. h3 Ne8 11. a4 a5 12. b3 Nc7 13. Ba3 exd4 14. Nxd4 Nc5 15. e5
dxe5 16. Ne4 N7a6 17. Nxc5 Nxc5 18. Qc2 Bd7 19. Rad1 b6 20. Nf3 Bf5 21. Qe2 Rae8
22. Qe3 Bc8 23. b4 Nxa4 24. bxa5 c5 25. axb6 Bb7 26. Nd2 Ra8 27. Bd3 f5 28. Bc2
Rfc8 29. Bxa4 Rxa4 30. Qb3 Rca8 31. Ra1 Qd7 32. Red1 Qc6 33. Nf3 e4 34. Ne1 Bxa1
35. Rxa1 R4a6 36. Qc3 Qd6 37. Bb2 Qd4 38. Rxa6 Rxa6 39. Qc2 Qd7 40. Qc3 Qd4 41.
Qc2 Qd7 42. Qc3 Qd4 43. Qg3 Qd7 44. Qe5 Kf7 45. Qg7+ Ke8 46. Qh8+ Ke7 47. Qxh7+
Kd6 48. Qxg6+ Qe6 49. Qg3+ Ke7 50. Qc7+ Qd7 51. Qxc5+ Kf7 52. h4 Ra2 53. Qe5 Ra4
54. Qf6+ Ke8 55. Qh8+ Ke7 56. Qe5+ Kf7 57. h5 Rxc4 58. Qg7+ Ke8 59. Qg8+ 1-0

[Event "Mondiale Lampo FIDE 2017"]
[Site "Riyadh"]
[Date "29.12.2017"]
[Round "11.30"]
[White "Eljanov, Pavel"]
[Black "Bosiocic, Marin"]
[Result "0-1"]
[WhiteTitle "GM"]
[BlackTitle "GM"]
[WhiteElo "2711"]
[BlackElo "2624"]
[WhiteFideId "14102951"]
[BlackFideId "14507927"]
[EventDate "2017.12.29"]

1. c4 e5 2. Nc3 Bb4 3. Nd5 Bc5 4. e3 c6 5. Nc3 Qe7 6. a3 Nf6 7. b4 Bb6 8. c5 Bc7
9. Bb2 b6 10. cxb6 axb6 11. Nf3 O-O 12. Be2 d5 13. d4 exd4 14. Nxd4 Qd6 15. Nf3
Bg4 16. Nd4 Be6 17. Nxe6 fxe6 18. g3 Nbd7 19. O-O b5 20. a4 bxa4 21. Rxa4 Nb6
22. Rxa8 Rxa8 23. Qb3 Rb8 24. Na2 Nbd7 25. Qc2 Bb6 26. Rc1 Rc8 27. Qd1 Rc7 28.
Bd3 Ra7 29. Bb1 h5 30. Qc2 Rc7 31. Qe2 h4 32. gxh4 e5 33. Kh1 Nf8 34. Rg1 Re7
35. Nc1 e4 36. Nb3 Bc7 37. Rg2 Ng6 38. Bxf6 Qxf6 39. Nd4 Nxh4 40. Rg4 Qh6 41.
Kg1 Rf7 42. Kf1 Nf3 43. Nxf3 exf3 44. Qa6 Qh3+ 0-1

[Event "Mondiale Lampo FIDE 2017"]
[Site "Riyadh"]
[Date "29.12.2017"]
[Round "11.32"]
[White "Zhigalko, Sergei"]
[Black "Kokarev, Dmitry"]
[Result "1-0"]
[WhiteTitle "GM"]
[BlackTitle "GM"]
[WhiteElo "2641"]
[BlackElo "2615"]
[WhiteFideId "13502956"]
[BlackFideId "4132181"]
[EventDate "2017.12.29"]

1. e4 c5 2. Nf3 Nf6 3. e5 Nd5 4. c3 d6 5. Bc4 Nb6 6. Bb3 c4 7. Bc2 dxe5 8. Nxe5
Qd5 9. Qe2 N8d7 10. Nxd7 Qxd7 11. d4 e6 12. O-O Bd6 13. a4 Qc7 14. h3 Bd7 15.
Nd2 Rc8 16. Ne4 Be7 17. Qg4 g6 18. Bf4 Qc6 19. Qg3 O-O 20. Bh6 Rfe8 21. Qe5 1-0

[Event "Mondiale Lampo FIDE 2017"]
[Site "Riyadh"]
[Date "29.12.2017"]
[Round "11.33"]
[White "Wang, Yue"]
[Black "Kuzubov, Yuriy"]
[Result "1-0"]
[WhiteTitle "GM"]
[BlackTitle "GM"]
[WhiteElo "2690"]
[BlackElo "2699"]
[WhiteFideId "8601429"]
[BlackFideId "14112906"]
[EventDate "2017.12.29"]

1. d4 g6 2. c4 Bg7 3. Nc3 d6 4. g3 c5 5. d5 e5 6. e4 Ne7 7. h4 h5 8. Be2 Nd7 9.
Bg5 a6 10. a4 Nf6 11. Qd2 Nh7 12. Be3 f5 13. exf5 Nxf5 14. Bd3 O-O 15. Nge2 Qe8
16. Ne4 Bd7 17. a5 Nf6 18. O-O Nxe4 19. Bxe4 Nd4 20. Bxd4 cxd4 21. Qd3 Bf5 22.
b4 Bh6 23. Kg2 Rc8 24. Bxf5 gxf5 25. Ra2 Bg7 26. Re1 e4 27. Qb3 Be5 28. c5 d3
29. Nc1 Qg6 30. Nxd3 exd3 31. Qxd3 Kh7 32. Rae2 f4 33. Qxg6+ Kxg6 34. gxf4 Rxf4
35. cxd6 Bc3 36. Rc1 Rg4+ 37. Kf1 Rd8 38. Re6+ Kf5 39. Rxc3 Rxb4 40. Rc7 Rd4 41.
Rf7+ Kg4 42. Re4+ Rxe4 43. f3+ Kxh4 44. fxe4 Rxd6 45. Rxb7 Kg3 46. Rb6 Rd8 47.
Ke2 Kf4 48. Kd3 Rh8 49. Kd4 h4 50. Rf6+ Kg5 51. Rf1 h3 52. d6 h2 53. Rh1 Kf6 54.
Kd5 Rh5+ 55. Kc6 Ke6 56. d7 Ke7 57. e5 Rh8 58. Kc7 Ke6 59. Rxh2 Kd5 1-0

[Event "Mondiale Lampo FIDE 2017"]
[Site "Riyadh"]
[Date "29.12.2017"]
[Round "11.35"]
[White "Nguyen, Ngoc Truong Son"]
[Black "Laznicka, Viktor"]
[Result "0-1"]
[WhiteTitle "GM"]
[BlackTitle "GM"]
[WhiteElo "2630"]
[BlackElo "2647"]
[WhiteFideId "12401110"]
[BlackFideId "316385"]
[EventDate "2017.12.29"]

1. d4 d5 2. Nf3 Nf6 3. Bf4 Bf5 4. e3 e6 5. Nbd2 Bd6 6. Bg3 O-O 7. Be2 c5 8. c3
Nc6 9. Nh4 Be4 10. O-O Bxg3 11. hxg3 Qb6 12. Qb3 h6 13. dxc5 Qxc5 14. Nhf3 Bh7
15. Rac1 Na5 16. Qb4 Qxb4 17. cxb4 Nc6 18. b5 Nb4 19. Rc7 Rab8 20. a3 Nd3 21. b3
Rfc8 22. Rxc8+ Rxc8 23. Ra1 Ng4 24. Bxd3 Bxd3 25. a4 Rc2 26. b4 e5 27. Rd1 Be2
28. Re1 Bxf3 29. Nxf3 f6 30. Rd1 Nxf2 31. Rxd5 Ng4 32. Rd8+ Kh7 33. Ne1 Re2 34.
Kf1 Ra2 35. a5 Nxe3+ 36. Kg1 Re2 37. Nf3 Rxg2+ 38. Kh1 Rxg3 39. Nd2 Rg4 40. Rd7
Rd4 41. Rxd4 exd4 42. a6 b6 43. Kg1 h5 44. Kf2 g5 45. Nb3 Nc2 46. Nc5 h4 47. Nd7
h3 48. Nxb6 d3 49. Nc4 Nxb4 50. b6 Nxa6 51. bxa7 Nc7 52. Kg3 g4 53. Ne3 f5 54.
Nxf5 d2 55. Ne3 Kg7 56. Nd1 Kf7 57. Nf2 Ke7 58. Kh2 Kd7 59. Kg1 Kc8 60. Kh2 Kb7
61. Kg3 Kxa7 0-1